000 01028nam a2200229Ia 4500
003 Ost
005 20260416102357.0
008 260416s9999||||xx |||||||||||||| ||und||
040 _cfsecg
041 _aara
082 _a343.04
100 _aدوداح، رضوان
_eمؤلف
245 0 _aمحاضرات في مقياس قانون الضرائب /
_c رضوان دوداح
260 _aالجزائر
_bجامعة الجزائر3: كلية العلوم الإقتصادية، العلوم التجارية وعلوم التسيير
_c2021
300 _a103 ورقة
_c30 سم
504 _aمراجع ص.101
520 _aمفاهيم عامة حول القانون الضريبي، المنازعات الضريبية، الغش و التهرب الضريبي.
653 _aالضرائب
653 _aقانون الضرائب
710 _aجامعة الجزائر3: كلية العلوم الإقتصادية، العلوم التجارية وعلوم التسيير
_eناشر علمي
942 _cHANDOUT
999 _c41273
_d41273